000 00333 a2200169 4500
001 182238
020 _a85-262-4660-7
040 _cMagnum
100 _aAlencar, José de
240 1 0 _aIracema
_lpor
245 1 0 _aIracema
300 _a64
362 0 _a2003
440 1 _aScipione
697 _aLITERATURA GERAL
942 _cBK
999 _c182238
_d182238